[Event "Ct. Catalunya eq DH"]
[Site "?"]
[Date "2012.04.21"]
[Round "11.1"]
[White "Peralta, F."]
[Black "Muñoz Pantoja, M."]
[Result "1/2-1/2"]
[WhiteElo "2620"]
[BlackElo "2565"]
[PlyCount "31"]
[EventDate "2012.??.??"]
[EventType "team"]
[EventRounds "11"]

1. Nf3 c5 2. c4 Nc6 3. Nc3 g6 4. e3 Bg7 5. d4 Nf6 6. d5 Na5 7. e4 d6 8. Bd3 O-O
9. O-O e5 10. Bg5 h6 11. Bd2 Ne8 12. Qc1 Kh7 13. Qc2 Kg8 14. Qc1 Kh7 15. Qc2
Kg8 16. Qc1 1/2-1/2

[Event "Ct. Catalunya eq DH"]
[Site "?"]
[Date "2012.05.22"]
[Round "11.1"]
[White "Rakhmanov, A."]
[Black "Torrecillas Martinez, A."]
[Result "1-0"]
[WhiteElo "2585"]
[BlackElo "2432"]
[PlyCount "81"]
[EventDate "2012.??.??"]
[EventType "team"]
[EventRounds "11"]

1. c4 Nf6 2. Nf3 g6 3. Nc3 d5 4. cxd5 Nxd5 5. Qb3 Nb6 6. d4 Bg7 7. Bf4 Be6 8.
Qb5+ Nc6 9. e3 O-O 10. Be2 a6 11. Qc5 Bg4 12. Rd1 Re8 13. h3 Nd7 14. Qa3 Bxf3
15. Bxf3 e5 16. dxe5 Ncxe5 17. Bxb7 Rb8 18. Qxa6 Qe7 19. Bxe5 Bxe5 20. Bf3 Rxb2
21. Nd5 Qe6 22. Qxe6 fxe6 23. Nxc7 Bxc7 24. Rxd7 Ba5+ 25. Kf1 Rxa2 26. g4 Bb6
27. h4 Rc8 28. Rd3 Rcc2 29. Rh2 Rcb2 30. g5 Bc7 31. Rg2 Ba5 32. Bd1 Ra1 33. Rg4
Bd2 34. Ke2 Ba5+ 35. Kf1 Rbb1 36. Rgd4 e5 37. Rd7 e4 38. R3d5 Kf8 39. Kg2 Rb2
40. Rc5 Ke8 41. Bg4 1-0

[Event "Ct. Catalunya eq DH"]
[Site "?"]
[Date "2012.??.??"]
[Round "11.2"]
[White "Cuartas Medina, JA."]
[Black "Khaidorov, V."]
[Result "1-0"]
[WhiteElo "2554"]
[BlackElo "2348"]
[PlyCount "63"]
[EventDate "2012.??.??"]
[EventType "team"]
[EventRounds "11"]

1. e4 c6 2. d4 d5 3. e5 c5 4. dxc5 e6 5. Be3 Nh6 6. c3 Qc7 7. Nf3 Nf5 8. Bf4
Bxc5 9. Bd3 Ne7 10. O-O Nbc6 11. Bg3 Ng6 12. Re1 Bd7 13. Nbd2 O-O 14. h4 f5 15.
Nb3 b6 16. h5 Nge7 17. Bf4 Na5 18. Nbd2 d4 19. cxd4 Nd5 20. Bg5 Be7 21. Bxe7
Nxe7 22. b4 Nac6 23. a3 Nd5 24. Rc1 Qb7 25. Nc4 a6 26. Nd6 Qa7 27. Qb3 Kh8 28.
Bxf5 b5 29. Rc5 Rxf5 30. Nxf5 Ndxb4 31. axb4 exf5 32. Qc3 1-0

[Event "Ct. Catalunya eq DH"]
[Site "?"]
[Date "2012.04.21"]
[Round "11.2"]
[White "Matnadze, A."]
[Black "Rodriguez Cespedes, A."]
[Result "1/2-1/2"]
[WhiteElo "2506"]
[BlackElo "2478"]
[PlyCount "63"]
[EventDate "2012.??.??"]
[EventType "team"]
[EventRounds "11"]

1. d4 Nf6 2. Nf3 e6 3. c4 b6 4. g3 Bb4+ 5. Bd2 Be7 6. Bg2 c6 7. O-O d5 8. Bg5
O-O 9. Qc2 Bb7 10. Nbd2 Nbd7 11. Rad1 c5 12. dxc5 Nxc5 13. b4 Nce4 14. Nxe4
Nxe4 15. Bxe7 Qxe7 16. cxd5 Bxd5 17. Qb2 a5 18. bxa5 bxa5 19. Rb1 a4 20. Nd2 a3
21. Qd4 Nxd2 22. Qxd2 Bxg2 23. Kxg2 Rfd8 24. Qf4 Qd7 25. Qf3 Qd2 26. Rfd1 Qxa2
27. Ra1 Qc2 28. Rxa3 Qxd1 29. Rxa8 Qd7 30. h4 h6 31. Rxd8+ Qxd8 32. Qe4 1/2-1/2

[Event "Ct. Catalunya eq DH"]
[Site "?"]
[Date "2012.04.24"]
[Round "11.2"]
[White "Pablo Mari, A."]
[Black "Rios Gomez, CC."]
[Result "1/2-1/2"]
[WhiteElo "2446"]
[BlackElo "2384"]
[PlyCount "25"]
[EventDate "2012.??.??"]
[EventType "team"]
[EventRounds "11"]

1. e4 c5 2. Nf3 e6 3. d4 cxd4 4. Nxd4 Nf6 5. Nc3 d6 6. Be2 Nc6 7. O-O Be7 8.
Be3 O-O 9. f4 Bd7 10. Nb3 a5 11. a4 Nb4 12. Bf3 Bc6 13. Qe2 1/2-1/2

[Event "Ct. Catalunya eq DH"]
[Site "?"]
[Date "2012.04.21"]
[Round "11.2"]
[White "Vang Glud, J."]
[Black "Alonso Garcia, R."]
[Result "1/2-1/2"]
[WhiteElo "2509"]
[BlackElo "2447"]
[PlyCount "128"]
[EventDate "2012.??.??"]
[EventType "team"]
[EventRounds "11"]

1. c4 e6 2. d4 d5 3. Nf3 c5 4. cxd5 exd5 5. g3 Nc6 6. Bg2 Nf6 7. O-O Be7 8. Be3
c4 9. Ne5 O-O 10. Nxc6 bxc6 11. b3 Qa5 12. bxc4 dxc4 13. Nd2 Qa6 14. Qc2 Be6
15. Bg5 h6 16. Bxf6 Bxf6 17. e3 Rab8 18. Rab1 Rb5 19. Ne4 Rfb8 20. Nc5 Qb6 21.
Be4 Rxb1 22. Rxb1 Qxb1+ 23. Qxb1 Rxb1+ 24. Bxb1 Kf8 25. Kf1 Be7 26. Ke2 Bd8 27.
Nxe6+ fxe6 28. Be4 c5 29. dxc5 Ke7 30. Bc6 Ba5 31. Bb5 c3 32. Kd3 Bb4 33. c6
Kd6 34. Ba4 Ba5 35. f4 Bb6 36. e4 e5 37. Kxc3 Bc7 38. f5 Kc5 39. Kd3 Bb6 40.
Ke2 Kd6 41. Kf3 h5 42. h4 Ke7 43. Kg2 Kf6 44. c7 Bxc7 45. Be8 g5 46. Kh3 gxh4
47. Kxh4 Bb6 48. Kxh5 Bf2 49. Kg4 Be1 50. Kf3 Kg5 51. Bb5 Kf6 52. Be2 Kg5 53.
g4 Bd2 54. Bd1 Bc1 55. Ke2 Kf6 56. Kd3 Bg5 57. Kc4 Be3 58. Kd5 Bd2 59. Kc6 Bg5
60. Kc7 Bf4 61. Kb7 Be3 62. Be2 Bf2 63. a4 Be3 64. a5 Bf2 1/2-1/2

[Event "Ct. Catalunya eq DH"]
[Site "?"]
[Date "2012.04.21"]
[Round "11.3"]
[White "Baches Garcia, G."]
[Black "Fluvia Poyatos, Jordi"]
[Result "1-0"]
[WhiteElo "2433"]
[BlackElo "2499"]
[PlyCount "70"]
[EventDate "2012.??.??"]
[EventType "team"]
[EventRounds "11"]

1. e4 c6 2. c4 e5 3. Nf3 Qc7 4. Nc3 Bb4 5. Qc2 Nf6 6. a3 Bxc3 7. dxc3 d6 8. h3
Nbd7 9. Be3 O-O 10. O-O-O a5 11. Qd3 Nc5 12. Qxd6 Qxd6 13. Rxd6 Nfxe4 14. Rd1
f6 15. g4 Be6 16. Be2 a4 17. Nd2 Nxd2 18. Kxd2 Nb3+ 19. Kc2 Na5 20. Rd6 Bxc4
21. Bxc4+ Nxc4 22. Rd7 Rf7 23. Rhd1 Re8 24. Bc5 b6 25. Rd8 Rff8 26. Bxf8 Kxf8
27. b3 Rxd8 28. Rxd8+ Ke7 29. Rb8 axb3+ 30. Kxb3 b5 31. a4 Kd6 32. Kb4 Nb2 33.
axb5 Nd3+ 34. Kc4 Nxf2 35. b6 c5 1-0

[Event "Ct. Catalunya eq DH"]
[Site "?"]
[Date "2012.04.24"]
[Round "11.3"]
[White "Baron Isanta, JM."]
[Black "Pomes Marcet, J."]
[Result "1/2-1/2"]
[WhiteElo "2407"]
[BlackElo "2407"]
[PlyCount "32"]
[EventDate "2012.??.??"]
[EventType "team"]
[EventRounds "11"]

1. e4 e6 2. d4 d5 3. Nd2 dxe4 4. Nxe4 Nd7 5. Nf3 Ngf6 6. Bd3 Nxe4 7. Bxe4 Nf6
8. Bg5 Qd6 9. Bd3 Qb4+ 10. Bd2 Qxb2 11. O-O Qa3 12. Ne5 Qd6 13. Bf4 Qd8 14. Qf3
c6 15. Rad1 Be7 16. g4 O-O 1/2-1/2

[Event "Ct. Catalunya eq DH"]
[Site "?"]
[Date "2012.04.21"]
[Round "11.3"]
[White "Cuadras Avellana, J."]
[Black "Mellado Triviño, J."]
[Result "1/2-1/2"]
[WhiteElo "2386"]
[BlackElo "2502"]
[PlyCount "47"]
[EventDate "2012.??.??"]
[EventType "team"]
[EventRounds "11"]

1. e4 e5 2. Nf3 Nf6 3. Nxe5 d6 4. Nf3 Nxe4 5. Qe2 Qe7 6. d3 Nf6 7. Bg5 Nbd7 8.
Nc3 Qxe2+ 9. Bxe2 h6 10. Bh4 g5 11. Bg3 Nb6 12. O-O-O Bd7 13. Nd2 Bg7 14. Nc4
O-O-O 15. Nxb6+ axb6 16. d4 Rde8 17. Rhe1 Ne4 18. Nxe4 Rxe4 19. c3 Rhe8 20. Kd2
f5 21. f3 R4e7 22. Bd3 Rxe1 23. Rxe1 Rxe1 24. Bxe1 1/2-1/2

[Event "Ct. Catalunya eq DH"]
[Site "?"]
[Date "2012.??.??"]
[Round "11.3"]
[White "Fernandez Vicente, C."]
[Black "Perez Mitjans, O."]
[Result "0-1"]
[WhiteElo "2234"]
[BlackElo "2544"]
[PlyCount "42"]
[EventDate "2012.??.??"]
[EventType "team"]
[EventRounds "11"]

1. c4 e5 2. g3 Nc6 3. Bg2 Bc5 4. Nc3 Nf6 5. a3 a5 6. e3 d6 7. Nge2 Ba7 8. b3
Bf5 9. Bb2 Qd7 10. O-O Bh3 11. f4 h5 12. Qe1 Bxg2 13. Kxg2 h4 14. gxh4 O-O-O
15. b4 Rh6 16. Nd5 Rdh8 17. Nxf6 gxf6 18. Kh1 Rxh4 19. Rf2 Nxb4 20. Rg2 Nd3 21.
Qb1 Rxh2+ 0-1

[Event "Ct. Catalunya eq DH"]
[Site "?"]
[Date "2012.04.21"]
[Round "11.3"]
[White "Jose Abril, R."]
[Black "Bergez, L."]
[Result "0-1"]
[WhiteElo "2397"]
[BlackElo "2435"]
[PlyCount "52"]
[EventDate "2012.??.??"]
[EventType "team"]
[EventRounds "11"]

1. d4 Nf6 2. c4 g6 3. Nc3 Bg7 4. e4 O-O 5. f4 d6 6. Nf3 c5 7. d5 b5 8. cxb5 a6
9. a4 e6 10. dxe6 Bxe6 11. Bd2 Qb6 12. Bd3 c4 13. Bc2 axb5 14. Nxb5 Ng4 15. Qe2
Bxb2 16. Rb1 c3 17. Nxc3 Rc8 18. a5 Rxa5 19. Ng5 Rxc3 20. Nxe6 Rxc2 21. Qxg4
Rxd2 22. Kxd2 Ra2 23. Qf3 Bc1+ 24. Kxc1 Qc6+ 25. Kd1 Qc2+ 26. Ke1 Qxb1+ 0-1

[Event "Ct. Catalunya eq DH"]
[Site "?"]
[Date "2012.??.??"]
[Round "11.3"]
[White "Moskalenko, V."]
[Black "Jerez Perez, A."]
[Result "1/2-1/2"]
[WhiteElo "2566"]
[BlackElo "2470"]
[PlyCount "45"]
[EventDate "2012.??.??"]
[EventType "team"]
[EventRounds "11"]

1. e4 c5 2. Nc3 Nc6 3. g3 g6 4. Bg2 Bg7 5. d3 d6 6. f4 e5 7. Nh3 Nge7 8. O-O
exf4 9. Nxf4 O-O 10. g4 h6 11. h3 Ne5 12. Be3 N7c6 13. Ncd5 b5 14. c3 Rb8 15.
Qe2 b4 16. d4 Nd7 17. Rfd1 bxc3 18. bxc3 Qa5 19. Qf2 Ba6 20. h4 Qa3 21. Bc1 Qa4
22. Be3 Qa3 23. Bc1 1/2-1/2

[Event "Ct. Catalunya eq DH"]
[Site "?"]
[Date "2012.04.21"]
[Round "11.4"]
[White "Gonzalez Perez, A."]
[Black "Vives Esmerat, J."]
[Result "0-1"]
[WhiteElo "2367"]
[BlackElo "2489"]
[PlyCount "120"]
[EventDate "2012.??.??"]
[EventType "team"]
[EventRounds "11"]

1. d4 g6 2. c4 Bg7 3. Nf3 d6 4. Nc3 Bg4 5. e3 Nc6 6. h3 Bd7 7. Be2 e5 8. O-O
Nf6 9. a3 a5 10. d5 Ne7 11. c5 O-O 12. cxd6 cxd6 13. a4 h6 14. Qb3 b6 15. e4
Ne8 16. Be3 Rb8 17. Bb5 f5 18. Bxd7 Qxd7 19. Rac1 f4 20. Bd2 Nf6 21. Rfe1 Kh7
22. Qb5 Qd8 23. Qd3 Nd7 24. Nb5 Nc5 25. Qa3 Ra8 26. Rc4 Bf6 27. Qc3 g5 28. Bc1
Qd7 29. b3 Rg8 30. Nh2 h5 31. f3 Rg6 32. Ba3 Ng8 33. Bxc5 bxc5 34. Rd1 Nh6 35.
Rd3 Bd8 36. Kf1 Bb6 37. Qe1 Rag8 38. Rc2 Bd8 39. Qe2 R8g7 40. Ke1 g4 41. hxg4
hxg4 42. Nxg4 Nxg4 43. fxg4 Rxg4 44. Rh3+ Kg8 45. Qf3 R7g6 46. Re2 Qg7 47. Kf1
Bh4 48. Rc2 Qh6 49. Nxd6 Rg3 50. Nf5 Rxf3+ 51. gxf3 Qg5 52. Rh1 Bg3 53. Rxc5
Bh2 54. Rc2 Qh5 55. Rf2 Qh3+ 56. Ke1 Rg1+ 57. Rxg1+ Bxg1 58. Rf1 Bc5 59. d6 Qh2
60. Kd1 Be3 0-1

[Event "Ct. Catalunya eq DH"]
[Site "?"]
[Date "2012.04.21"]
[Round "11.4"]
[White "Grafl, F."]
[Black "Borras Duran, P."]
[Result "1-0"]
[WhiteElo "2429"]
[BlackElo "2325"]
[PlyCount "72"]
[EventDate "2012.??.??"]
[EventType "team"]
[EventRounds "11"]

1. f4 g6 2. Nf3 Bg7 3. d3 d6 4. e4 Nc6 5. Be2 e5 6. fxe5 dxe5 7. O-O Nf6 8. Bg5
h6 9. Bh4 g5 10. Be1 Be6 11. Bc3 Qd6 12. Na3 O-O-O 13. Kh1 a6 14. Nd2 Qe7 15.
Qb1 Bg4 16. Rxf6 Bxe2 17. Rxc6 bxc6 18. Qg1 Kb8 19. Nb3 Bg4 20. Nc5 Bc8 21. Nc4
Bf8 22. b4 f6 23. a4 g4 24. Na5 Qd6 25. Nab3 g3 26. Qe3 gxh2 27. Be1 Rg8 28.
Bf2 Be6 29. Nxa6+ Kb7 30. Qa7+ Kc8 31. Nac5 Qxc5 32. Bxc5 Bxc5 33. Qxc5 Rd6 34.
b5 cxb5 35. axb5 f5 36. Ra7 Rg7 1-0

[Event "Ct. Catalunya eq DH"]
[Site "?"]
[Date "2012.04.21"]
[Round "11.4"]
[White "Sanchez Ibern, M."]
[Black "Cruz Sanchez, C."]
[Result "0-1"]
[WhiteElo "2419"]
[BlackElo "2553"]
[PlyCount "102"]
[EventDate "2012.??.??"]
[EventType "team"]
[EventRounds "11"]

1. e4 c5 2. Nf3 e6 3. d4 cxd4 4. Nxd4 Nc6 5. Nc3 Qc7 6. Be3 a6 7. Qd2 Nf6 8.
O-O-O Bb4 9. f3 Ne5 10. Nb3 b5 11. Bd4 Be7 12. Qg5 d6 13. Qxg7 Rg8 14. Qh6 b4
15. Nb1 Bd7 16. Qe3 a5 17. Bb6 Nc4 18. Bxc7 Nxe3 19. Rd2 a4 20. Nd4 Nxf1 21.
Rxf1 Ra7 22. Bb8 Rb7 23. e5 Rxb8 24. exf6 Bxf6 25. g3 Rc8 26. a3 Rc4 27. Ne2
Ke7 28. axb4 Rxb4 29. c3 Rb6 30. Na3 Rc8 31. Rfd1 Rc5 32. f4 h5 33. h3 Bc8 34.
g4 hxg4 35. hxg4 Bb7 36. Nd4 Be4 37. Re1 d5 38. Nac2 Kf8 39. g5 Be7 40. Rg1 a3
41. Nxa3 Rxc3+ 42. Nac2 Rc4 43. b3 Rc3 44. Kb2 Rh3 45. Rf1 Bc5 46. Rfd1 Bd6 47.
Rf2 e5 48. fxe5 Bxe5 49. Ka2 Ra6+ 50. Na3 Kg7 51. Ndb5 Bd3 0-1

[Event "Ct. Catalunya eq DH"]
[Site "?"]
[Date "2012.04.24"]
[Round "11.4"]
[White "Simon Padros, E."]
[Black "Hernando Rodrigo, JA."]
[Result "1/2-1/2"]
[WhiteElo "2310"]
[BlackElo "2385"]
[PlyCount "29"]
[EventDate "2012.??.??"]
[EventType "team"]
[EventRounds "11"]

1. e4 e6 2. d4 d5 3. Nc3 Bb4 4. Nge2 dxe4 5. a3 Be7 6. Nxe4 Nf6 7. Qd3 Nxe4 8.
Qxe4 Qd5 9. Nc3 Qxe4+ 10. Nxe4 Bd7 11. Bd3 Bc6 12. O-O Nd7 13. Bf4 Nf6 14.
Nxf6+ Bxf6 15. Be5 1/2-1/2

[Event "Ct. Catalunya eq DH"]
[Site "?"]
[Date "2012.??.??"]
[Round "11.4"]
[White "Vidarte Morales, A."]
[Black "Gonzalez Freixas, A."]
[Result "1-0"]
[WhiteElo "2420"]
[BlackElo "2242"]
[PlyCount "65"]
[EventDate "2012.??.??"]
[EventType "team"]
[EventRounds "11"]

1. d4 Nf6 2. c4 c5 3. Nf3 cxd4 4. Nxd4 e5 5. Nb5 d5 6. cxd5 Bc5 7. e3 O-O 8.
N5c3 e4 9. Be2 Qe7 10. a3 a5 11. Nd2 Rd8 12. Qc2 Bf5 13. g4 Bg6 14. h4 h6 15.
g5 hxg5 16. hxg5 Nxd5 17. Ncxe4 Bxe3 18. fxe3 Nxe3 19. Qb3 Ng2+ 20. Kf2 Nf4 21.
Qf3 Nxe2 22. Qxe2 Nc6 23. Qe3 Ne5 24. Qh3 f5 25. gxf6 gxf6 26. Rg1 Kf7 27. Qb3+
Kf8 28. Rg3 f5 29. Nc4 Ng4+ 30. Rxg4 fxg4 31. Bh6+ Kg8 32. Ncd6+ Kh7 33. Rh1
1-0

[Event "Ct. Catalunya eq DH"]
[Site "?"]
[Date "2012.04.21"]
[Round "11.4"]
[White "Vila Gazquez, X."]
[Black "Barbero Sendic, A."]
[Result "1/2-1/2"]
[WhiteElo "2490"]
[BlackElo "2385"]
[PlyCount "38"]
[EventDate "2012.??.??"]
[EventType "team"]
[EventRounds "11"]

1. Nf3 Nf6 2. c4 g6 3. Nc3 d5 4. Qa4+ Bd7 5. Qb3 dxc4 6. Qxc4 Bg7 7. d4 O-O 8.
Bf4 Na6 9. e4 c5 10. e5 Be6 11. Qa4 Nd5 12. Nxd5 Bxd5 13. Bxa6 bxa6 14. dxc5
Rb8 15. O-O Rxb2 16. Rfd1 Qa8 17. Qd4 Rxa2 18. Rxa2 Bxa2 19. Qa1 Bb3 {ilegible
hasta 53} 1/2-1/2

[Event "Ct. Catalunya eq DH"]
[Site "?"]
[Date "2012.04.21"]
[Round "11.5"]
[White "Gutierrez Clares, J."]
[Black "Alonso Moyano, J."]
[Result "0-1"]
[WhiteElo "2321"]
[BlackElo "2480"]
[PlyCount "92"]
[EventDate "2012.??.??"]
[EventType "team"]
[EventRounds "11"]

1. d4 f5 2. Bg5 h6 3. Bh4 g5 4. e4 Rh7 5. Qh5+ Rf7 6. Nf3 Nc6 7. Bc4 e6 8. Bxg5
hxg5 9. Nxg5 Qf6 10. e5 Qg7 11. c3 Be7 12. Nxf7 Qxf7 13. Qh3 Qg6 14. Be2 Qh6
15. Bh5+ Kf8 16. O-O b6 17. f4 Ba6 18. Rf2 d6 19. Nd2 dxe5 20. fxe5 Bg5 21. Nf1
Nge7 22. Kh1 Kg7 23. Bf3 Qxh3 24. gxh3 Bxf1 25. Raxf1 Be3 26. Rg2+ Kh6 27. h4
Rf8 28. h5 Na5 29. b3 Kh7 30. Re1 Bh6 31. c4 Rd8 32. Rd1 Nac6 33. d5 exd5 34.
cxd5 Nxe5 35. Re1 Bf4 36. Rge2 Nxf3 37. Rxe7+ Kh8 38. Rf1 Bd6 39. Rf7 Nh4 40.
Re1 Kg8 41. Rf6 Rf8 42. Rh6 Kg7 43. Rhe6 f4 44. Rg1+ Kh7 45. Rg4 f3 46. Re1 Ng2
0-1

[Event "Ct. Catalunya eq DH"]
[Site "?"]
[Date "2012.04.21"]
[Round "11.5"]
[White "Lariño Nieto, D."]
[Black "Granados Gomez, M."]
[Result "1/2-1/2"]
[WhiteElo "2539"]
[BlackElo "2430"]
[PlyCount "100"]
[EventDate "2012.??.??"]
[EventType "team"]
[EventRounds "11"]

1. e4 e5 2. Nf3 Nc6 3. Bb5 Nf6 4. Qe2 Bc5 5. c3 Qe7 6. d4 exd4 7. e5 d3 8. Bxd3
Ng4 9. Bg5 Bxf2+ 10. Kf1 f6 11. exf6 gxf6 12. h3 Nge5 13. Bxf6 Qxf6 14. Kxf2 d6
15. Rf1 Bf5 16. Bxf5 Qxf5 17. Nbd2 O-O-O 18. Kg1 Rdg8 19. Nd4 Qd3 20. Qxd3 Nxd3
21. Nxc6 bxc6 22. Rf3 Nxb2 23. c4 Rg7 24. Re1 Rhg8 25. Re2 Na4 26. Ne4 c5 27.
Nf6 Rf8 28. Kf2 Nb6 29. Re4 Kb7 30. h4 Kc6 31. g4 h6 32. Nh5 Rxf3+ 33. Kxf3
Rf7+ 34. Kg3 Nd7 35. g5 hxg5 36. hxg5 Ne5 37. Rxe5 dxe5 38. g6 Rf8 39. g7 Rg8
40. Kf3 Kb6 41. Ke4 Ka5 42. Kxe5 Kb4 43. Kf6 Kxc4 44. Kf7 Rxg7+ 45. Nxg7 Kb4
46. Ne6 Ka3 47. Nxc5 Kxa2 48. Ke6 Ka3 49. Kd5 Kb4 50. Na6+ Kb5 1/2-1/2

[Event "Ct. Catalunya eq DH"]
[Site "?"]
[Date "2012.06.07"]
[Round "11.5"]
[White "Lillo Castany, V."]
[Black "Perpinya Rofes, LM."]
[Result "0-1"]
[WhiteElo "2342"]
[BlackElo "2485"]
[PlyCount "72"]
[EventDate "2012.??.??"]
[EventType "team"]
[EventRounds "11"]

1. e4 c5 2. Nf3 Nc6 3. d4 cxd4 4. Nxd4 g6 5. Be2 Bg7 6. Nb3 Nf6 7. Nc3 d6 8.
O-O O-O 9. Bg5 a6 10. f4 b5 11. Bf3 b4 12. Nd5 Nxd5 13. exd5 Na5 14. Rb1 Nc4
15. Qe2 Qc7 16. c3 bxc3 17. bxc3 Bf5 18. Rbc1 Rab8 19. Rfe1 a5 20. Qf2 Rfe8 21.
Nd4 Rb2 22. Qh4 Bd7 23. Bxe7 Nd2 24. Kh1 Nxf3 25. Nxf3 Rxa2 26. Ng5 h6 27. Ne4
Bh3 28. Nf2 Bf5 29. Bf6 Ree2 30. Rxe2 Rxe2 31. Bxg7 Kxg7 32. g4 Bc8 33. c4 Qc5
34. Nd3 Qd4 35. Qg3 Qe4+ 36. Kg1 Re3 0-1

[Event "Ct. Catalunya eq DH"]
[Site "?"]
[Date "2012.??.??"]
[Round "11.5"]
[White "Moreno Carretero, C."]
[Black "Gomez Jurado, LA."]
[Result "1/2-1/2"]
[WhiteElo "2269"]
[BlackElo "2347"]
[PlyCount "72"]
[EventDate "2012.??.??"]
[EventType "team"]
[EventRounds "11"]

1. e4 c6 2. d4 d5 3. e5 Bf5 4. Nc3 e6 5. g4 Bg6 6. Nge2 c5 7. Be3 Nc6 8. dxc5
Qc7 9. f4 O-O-O 10. Nd4 Bxc5 11. Nxe6 fxe6 12. Bxc5 Qa5 13. b4 Nxb4 14. Bxb4
Qxb4 15. Qd2 d4 16. Nb5 Qxd2+ 17. Kxd2 Ne7 18. Bc4 Nd5 19. f5 Be8 20. Nd6+ Kb8
21. Bxd5 exd5 22. Nxe8 Rhxe8 23. Rae1 Rc8 24. e6 Kc7 25. Rb1 Re7 26. Rb4 Kd6
27. Rxd4 Rec7 28. Rc1 Rc3 29. Rd3 R3c4 30. h3 Rf4 31. c3 Rf2+ 32. Ke3 Rh2 33.
Kf4 Rxa2 34. Rb1 b6 35. Rb4 Rc2 36. Re4 Rc7 1/2-1/2

[Event "Ct. Catalunya eq DH"]
[Site "?"]
[Date "2012.04.24"]
[Round "11.5"]
[White "Raineri de Luca, P."]
[Black "Ubach Miralda, M."]
[Result "1/2-1/2"]
[WhiteElo "2371"]
[BlackElo "2357"]
[PlyCount "21"]
[EventDate "2012.??.??"]
[EventType "team"]
[EventRounds "11"]

1. d4 d5 2. c4 c6 3. Nf3 Nf6 4. Nc3 dxc4 5. a4 Bf5 6. Ne5 e6 7. g3 Nbd7 8. Nxc4
Bb4 9. Bg2 O-O 10. O-O Qe7 11. Qb3 1/2-1/2

[Event "Ct. Catalunya eq DH"]
[Site "?"]
[Date "2012.04.21"]
[Round "11.5"]
[White "Trepat Herranz, J."]
[Black "Asis Gargatagli, H."]
[Result "1/2-1/2"]
[WhiteElo "2376"]
[BlackElo "2496"]
[PlyCount "35"]
[EventDate "2012.??.??"]
[EventType "team"]
[EventRounds "11"]

1. d4 Nf6 2. c4 g6 3. g3 c6 4. Bg2 d5 5. cxd5 cxd5 6. Nf3 Bg7 7. Nc3 O-O 8. O-O
Ne4 9. Nxe4 dxe4 10. Ne5 Qd5 11. Be3 Nd7 12. Qc2 Nxe5 13. Bxe4 Qc4 14. dxe5
Qxc2 15. Bxc2 Bxe5 16. Be4 Be6 17. Rfd1 Rad8 18. Bxa7 1/2-1/2

[Event "Ct. Catalunya eq DH"]
[Site "?"]
[Date "2012.04.21"]
[Round "11.6"]
[White "Alexandrova, O."]
[Black "Bruned Segura, M."]
[Result "1-0"]
[WhiteElo "2433"]
[BlackElo "2268"]
[PlyCount "69"]
[EventDate "2012.??.??"]
[EventType "team"]
[EventRounds "11"]

1. d4 d6 2. Nf3 Bg4 3. c4 Bxf3 4. exf3 c6 5. Nc3 e6 6. d5 Nf6 7. Be2 Be7 8. O-O
O-O 9. Be3 Na6 10. f4 Nc7 11. Bf3 cxd5 12. cxd5 Ncxd5 13. Nxd5 Nxd5 14. Bxd5
exd5 15. Qxd5 Bf6 16. Rfd1 b6 17. Rab1 Rc8 18. b4 Rc2 19. a4 Qa8 20. a5 b5 21.
Qxb5 a6 22. Qd5 Qxd5 23. Rxd5 Rfc8 24. Rxd6 Be7 25. Rb6 Ra2 26. g3 Ra4 27. Kg2
h5 28. h4 Rc4 29. Rxa6 Bxb4 30. Ra8+ Kh7 31. a6 Kg6 32. a7 Bc5 33. Rc8 Bxa7 34.
Rxc4 Rxc4 35. Bxa7 1-0

[Event "Ct. Catalunya eq DH"]
[Site "?"]
[Date "2012.04.24"]
[Round "11.6"]
[White "Canal Oliveras, J."]
[Black "Escandell Mari, JC."]
[Result "1/2-1/2"]
[WhiteElo "2328"]
[BlackElo "2346"]
[PlyCount "24"]
[EventDate "2012.??.??"]
[EventType "team"]
[EventRounds "11"]

1. d4 Nf6 2. c4 e6 3. Nc3 d5 4. cxd5 exd5 5. Bg5 Be7 6. e3 O-O 7. Bd3 Re8 8.
Qc2 g6 9. Nge2 Nbd7 10. Nf4 c6 11. O-O-O b5 12. h4 b4 1/2-1/2

[Event "Ct. Catalunya eq DH"]
[Site "?"]
[Date "2012.??.??"]
[Round "11.6"]
[White "Martinez Romero, M."]
[Black "Ordobas Martinez, V."]
[Result "1/2-1/2"]
[WhiteElo "2357"]
[BlackElo "2212"]
[PlyCount "126"]
[EventDate "2012.??.??"]
[EventType "team"]
[EventRounds "11"]

1. e4 e5 2. Nf3 Nc6 3. d4 exd4 4. Bc4 Bc5 5. c3 Nf6 6. O-O Nxe4 7. cxd4 d5 8.
dxc5 dxc4 9. Qe2 Qd3 10. Re1 f5 11. Nc3 O-O 12. Nxe4 fxe4 13. Qxe4 Bf5 14. Qh4
Rae8 15. Bd2 Re4 16. Bf4 Nd4 17. Nxd4 Qxd4 18. Rxe4 Bxe4 19. Qg3 Bb1 20. Rxb1
Qxf4 21. Qxf4 Rxf4 22. Rd1 c3 23. bxc3 Rc4 24. Rd8+ Kf7 25. Rd7+ Kf6 26. Rxc7
Rxc3 27. g3 Ra3 28. Rxb7 Rxa2 29. c6 Rc2 30. Rxa7 Rxc6 31. Kg2 h6 32. h4 h5 33.
Ra4 g6 34. Kf3 Rc3+ 35. Ke4 Rc5 36. Ra6+ Kf7 37. Rd6 Rc2 38. f3 Rc4+ 39. Ke5
Rc5+ 40. Rd5 Rc7 41. g4 hxg4 42. fxg4 Re7+ 43. Kf4 Kg7 44. Rd6 Rb7 45. Ke5 Kf7
46. g5 Re7+ 47. Kd5 Ra7 48. Rc6 Rd7+ 49. Kc5 Rd1 50. Rf6+ Kg7 51. Rf4 Rd8 52.
Rf6 Rd1 53. Rd6 Rc1+ 54. Kd5 Rd1+ 55. Kc6 Rc1+ 56. Kd5 Rd1+ 57. Ke5 Re1+ 58.
Kf4 Rf1+ 59. Kg3 Rf7 60. Re6 Ra7 61. Re4 Kf7 62. Kf4 Ra1 63. Rb4 Ra7 1/2-1/2

[Event "Ct. Catalunya eq DH"]
[Site "?"]
[Date "2012.04.21"]
[Round "11.6"]
[White "Perez Mañas, B."]
[Black "Fernandez Madrid, C."]
[Result "1-0"]
[WhiteElo "2358"]
[BlackElo "2279"]
[PlyCount "97"]
[EventDate "2012.??.??"]
[EventType "team"]
[EventRounds "11"]

1. d4 g6 2. e4 Bg7 3. Nf3 c5 4. Nc3 cxd4 5. Nxd4 Nc6 6. Be3 d6 7. Bc4 Nf6 8. f3
O-O 9. Qd2 Nxd4 10. Bxd4 Be6 11. Bb3 Qa5 12. O-O Qh5 13. Rfe1 Bh6 14. Qf2 Bxb3
15. axb3 a6 16. Bxf6 exf6 17. Nd5 Kh8 18. Nxf6 Qg5 19. Nd7 Rfd8 20. Nb6 Rab8
21. Rad1 Qc5 22. Rd5 Qc7 23. Red1 Bg7 24. c3 Re8 25. Nc4 b5 26. Nxd6 Re6 27.
Qc5 Qe7 28. Nc8 Qxc5+ 29. Rxc5 Be5 30. Na7 Kg7 31. Rc6 Rb6 32. Rxe6 Rxe6 33. g3
b4 34. c4 Bxb2 35. Rd5 f5 36. c5 fxe4 37. fxe4 Rxe4 38. c6 Bd4+ 39. Rxd4 Rxd4
40. c7 Rd1+ 41. Kf2 Rc1 42. c8=Q Rxc8 43. Nxc8 Kf6 44. Ke3 Ke5 45. Nb6 h5 46.
Nc4+ Kf5 47. h3 g5 48. Na5 Ke5 49. Nc6+ 1-0

[Event "Ct. Catalunya eq DH"]
[Site "?"]
[Date "2012.04.21"]
[Round "11.6"]
[White "Ryan, J."]
[Black "Gual Pascual, A."]
[Result "1/2-1/2"]
[WhiteElo "2358"]
[BlackElo "2528"]
[PlyCount "97"]
[EventDate "2012.??.??"]
[EventType "team"]
[EventRounds "11"]

1. Nf3 d5 2. g3 c6 3. Bg2 Bg4 4. c4 e6 5. cxd5 exd5 6. O-O Nf6 7. d3 Bc5 8. Nc3
O-O 9. h3 Bf5 10. e4 dxe4 11. Nh4 Be6 12. dxe4 Qxd1 13. Rxd1 Na6 14. a3 Rad8
15. b4 Rxd1+ 16. Nxd1 Bd4 17. Bb2 Rd8 18. Bxd4 Rxd4 19. Nc3 Nc7 20. Rc1 h6 21.
Nf3 Rd8 22. Ne5 Kf8 23. Rc2 Ke8 24. Kf1 a6 25. Ke2 Nb5 26. Nxb5 axb5 27. Rc3
Nd7 28. Nxd7 Rxd7 29. e5 Bc4+ 30. Ke3 Rd1 31. f4 Re1+ 32. Kf2 Rb1 33. Be4 Rb2+
34. Ke3 Rh2 35. h4 Re2+ 36. Kd4 Kd7 37. Bf3 Rd2+ 38. Ke3 Ra2 39. Be4 Re2+ 40.
Kf3 Ra2 41. f5 Ke7 42. g4 Rh2 43. Kg3 Re2 44. Kf4 Rh2 45. Kg3 Re2 46. Kf3 Rh2
47. Kf4 h5 48. Bf3 hxg4 49. Kxg4 1/2-1/2